000 00676nam a2200277Ia 4500
005 20260324131749.0
008 008 260324s9999 xx 000 0 eng d
020 _a9781315085142
037 _aEBOOK
040 _aCRL
040 _beng
040 _cCRL
041 _2eng
041 _aeng
084 _qCRL
100 _aPaul Collins
_91186735
245 4 _aThe Stylus Phantasticus and Free Keyboard Music of the North German Baroque
260 _bTaylor and Francis
260 _c2005
365 _a
365 _b230
856 _uhttp://www.taylorfrancis.com/books/9781315085142
942 _cEBOOK
999 _c1784210
_d1784210